| 000 | 01164nam a2200325 i 4500 | ||
|---|---|---|---|
| 003 | DO-SdBNP | ||
| 005 | 20260318133637.0 | ||
| 007 | ta | ||
| 008 | 260306b2025 dr ||||| |||| 00| 0 spa d | ||
| 020 | _a9789945637793 | ||
| 040 |
_aDO-SdBNP _bspa _cBNPHU _erda |
||
| 041 | _aspa | ||
| 082 | 4 |
_aCu861.44 _bA283m _222 |
|
| 100 | 1 |
_aAguilar, Alejandro F., _d1958- _eautor _4aut. _974425 |
|
| 245 |
_aEl mapa de las horas / _cAlejandro Aguilar ; corrección, Alexis X Bruno Mendoza. |
||
| 250 | _aPrimera edición | ||
| 264 | 4 |
_aSanto Domingo / San Juan Puerto Rico : _bEditorial Isla Negra, _c©2025. |
|
| 300 |
_a68 páginas : _bilustraciones ; _c23 cm. |
||
| 336 |
_atexto _btxt _2rdacontent |
||
| 337 |
_asin mediación _bn _2rdamedia |
||
| 338 |
_avolumen _bnc _2rdacarrier |
||
| 490 | 0 | _aColección filo de juego | |
| 500 | _aIncluye datos biográficos del autor en la solapa de la cubierta. | ||
| 590 | _aInventariado, 2026 /LP | ||
| 650 | 7 |
_aPoesía cubana _2LEMB _95226 |
|
| 650 | 7 |
_aLiteratura cubana _2LEMB _91483 |
|
| 700 | 1 |
_aBruno Mendoza, Alexis X., _ecorrector _4corr. _983402 |
|
| 910 | _aLP/Validado. Control de calidad MFF | ||
| 942 |
_2ddc _cLBS1 |
||
| 999 |
_c60462 _d60462 |
||